| 000 | 00761nam a2200217 a 4500 | ||
|---|---|---|---|
| 005 | 20210219160059.0 | ||
| 008 | 080724s1982 mx r 000 0 spa d | ||
| 020 | _a9282010368 | ||
| 035 | _aUPN01000158137 | ||
| 049 | _aUNE | ||
| 080 | 1 | 4 | _a371.13: 301.18 (-77)=20 DOV No.10 |
| 100 | 1 | _aDove, Linda A | |
| 245 | 1 | 0 |
_aLifelong teacher education and the community school / _cLinda A. Dove. |
| 260 |
_aHamburgo : _bUNESCO. Institute for Education Hamburg, _c1982. |
||
| 300 |
_avii, 147 p. : _bfots. |
||
| 440 | 0 |
_aUIE monographs ; _v10 |
|
| 690 | _aRelación escuela-comunidad - Responsabilidad del docente | ||
| 690 | _aFormación de docentes - Desarrollo de la comunidad | ||
| 690 | _aPaíses en desarrollo - Formación de docentes | ||
| 905 | _aUNESCO | ||
| 999 |
_c130251 _d130251 |
||